| 000 | 00890nam a22002777a 4500 | ||
|---|---|---|---|
| 003 | CHAP | ||
| 005 | 20220329133958.0 | ||
| 008 | 971013s1992 r 00010 d | ||
| 010 | _a13529 | ||
| 011 | _a14501 | ||
| 035 | _a18575 | ||
| 040 | _cCHAP | ||
| 090 | _aFolleto 14360 | ||
| 100 | 0 | 0 |
_aCooke, Robert J. _927718 |
| 245 |
_aHandbook of variety testing _b: electrophoresis hadbook : variety identification |
||
| 260 |
_aZurich, Switzerkand : _bInternational Seed Testing Association, _c1992 |
||
| 300 | _ac.a. 22 p. | ||
| 590 |
_aBATCH-UPD _b10 _c20130110 _lUCH01 _h1637 |
||
| 590 |
_aBATCH-UPD _b10 _c20130410 _lUCH01 _h1029 |
||
| 590 |
_aBATCH-UPD _b10 _c20130914 _lUCH01 _h1104 |
||
| 590 |
_aCONVERSION _b10 _c20130109 _lUCH01 _h1309 |
||
| 650 | 1 | 4 |
_aElectrofóresis. _936236 |
| 901 | _aBK | ||
| 942 | _cFOLL | ||
| 949 |
_aFolleto 14360 _bBC _cFOLL _d-43305 _eTS1 _gI. c/e _i18575 _si _t73.00 |
||
| 999 |
_c13529 _d13529 |
||